Irish Body Parts - Statistics

General Stats
  • This quiz has been taken 33 times
  • The average score is 13 of 45
Answer Stats
Hint Answer % Correct
belly bolg
70%
hand lámh
70%
nose srón
70%
mouth béal
60%
head ceann
60%
leg cos
60%
heart croí
60%
hair gruaig
60%
hands lámha
60%
ear cluas
50%
teeth fiacla
50%
neck muineál
50%
eyes súile
50%
tongue teanga
50%
face aghaidh
40%
legs cosa
40%
tooth fiacail
40%
thumb ordóg
40%
chin smig
40%
liver ae
30%
bone cnámh
30%
beard féasóg
30%
finger méar
30%
bottom tóin
30%
skeleton cnámharlach
20%
skin craiceann
20%
knee glúin
20%
lungs scamhóga
20%
chest cliabhrach
10%
kidneys duáin
10%
shoulder gualainn
10%
fingernail ionga
10%
lips liopaí
10%
throat scornach
10%
elbow uillin
10%
skull blaosc
0%
breasts cíocha
0%
forehead clár éadain
0%
mustache croiméal
0%
stomach goile
0%
toe ladhar
0%
muscles matáin
0%
heel sáil
0%
foot troigh
0%
feet troithe
0%
No matching quizzes found
Score Distribution
Percent of People with Each Score
Percentile by Number Answered
Your Score History
You have not taken this quiz